[Event "MCRE_SF10"]
[Site "?"]
[Date "2007.??.??"]
[Round "?"]
[White "Batka, Josef"]
[Black "Dedina, Miroslav"]
[Result "1/2-1/2"]
[WhiteElo "2285"]
[BlackElo "2195"]
[PlyCount "38"]
[EventDate "2007.??.??"]
[EventType "corr"]
[EventRounds "2"]
[SourceDate "2007.06.22"]

1. e4 c5 2. c3 d5 3. exd5 Qxd5 4. d4 Nf6 5. Nf3 e6 6. Be2 Be7 7. O-O O-O 8. c4
Qc6 9. Nc3 Rd8 10. Be3 Qb6 11. Na4 Qc7 12. Qb3 b6 13. Rad1 Nbd7 14. dxc5 bxc5
15. Nc3 Ng4 16. Bc1 Bb7 17. Bf4 Qxf4 18. Qxb7 Rab8 19. Qxa7 Ra8 1/2-1/2

[Event "MCRE_SF10"]
[Site "?"]
[Date "2007.??.??"]
[Round "?"]
[White "Batka, Josef"]
[Black "Kratochvil, Vaclav"]
[Result "1/2-1/2"]
[WhiteElo "2285"]
[BlackElo "2227"]
[PlyCount "65"]
[EventDate "2007.??.??"]
[EventType "corr"]
[EventRounds "2"]
[SourceDate "2007.06.22"]

1. e4 c5 2. c3 d5 3. exd5 Qxd5 4. d4 Nf6 5. Nf3 e6 6. Be2 Nc6 7. O-O cxd4 8.
cxd4 Be7 9. Nc3 Qa5 10. a3 O-O 11. Be3 Nd5 12. Qd3 Qb6 13. b4 Nxc3 14. Qxc3 Bf6
15. Rac1 Rd8 16. Rfd1 Ne7 17. Ne5 Nd5 18. Qd2 Bd7 19. Rc5 Be7 20. Nxd7 Rxd7 21.
Rc4 Rad8 22. Bf3 Nxe3 23. fxe3 e5 24. Qd3 exd4 25. Rxd4 Rxd4 26. exd4 Bf6 27.
Qe4 Bxd4+ 28. Kh1 Bb2 29. Rxd8+ Qxd8 30. Qxb7 Bxa3 31. Qxa7 Bxb4 32. Qa8 Qxa8
33. Bxa8 1/2-1/2

[Event "MCRE_SF10"]
[Site "?"]
[Date "2007.??.??"]
[Round "?"]
[White "Batka, Josef"]
[Black "Mezera, Lukas"]
[Result "1/2-1/2"]
[WhiteElo "2285"]
[BlackElo "2285"]
[PlyCount "94"]
[EventDate "2007.??.??"]
[EventType "corr"]
[EventRounds "2"]
[SourceDate "2007.06.22"]

1. e4 c5 2. c3 Nf6 3. e5 Nd5 4. d4 cxd4 5. Nf3 Nc6 6. Bc4 Nb6 7. Bb3 d5 8. exd6
Qxd6 9. O-O Be6 10. Na3 dxc3 11. Nb5 Qxd1 12. Rxd1 Rc8 13. Bxe6 fxe6 14. Nxc3
g6 15. Ng5 e5 16. Ne6 Nc4 17. Nd5 Nd6 18. Be3 h6 19. Rac1 Kf7 20. Nxf8 Rcxf8
21. Bc5 Nf5 22. Nb4 Rc8 23. Kf1 g5 24. Nxc6 Rxc6 25. Bb4 Rhc8 26. Rxc6 Rxc6 27.
Bc3 Nd4 28. Re1 Kf6 29. Re4 Ra6 30. a3 Rd6 31. h4 Rd5 32. hxg5+ hxg5 33. Ke1
Kf5 34. f3 b6 35. a4 a6 36. Kf2 Ne6 37. Ke3 Nc5 38. Rb4 Nd7 39. Bd2 b5 40. axb5
axb5 41. g3 Nf6 42. g4+ Kg6 43. Bc3 Rc5 44. Rb3 Nd5+ 45. Ke4 Nb4 46. Rxb4 e6
47. Rb3 Rd5 1/2-1/2

[Event "MCRE_SF10"]
[Site "?"]
[Date "2007.??.??"]
[Round "?"]
[White "Batka, Josef"]
[Black "Priesol, Daniel"]
[Result "1/2-1/2"]
[WhiteElo "2285"]
[BlackElo "2288"]
[PlyCount "118"]
[EventDate "2007.??.??"]
[EventType "corr"]
[EventRounds "2"]
[SourceDate "2007.06.22"]

1. e4 e6 2. d4 d5 3. e5 c5 4. c3 Nc6 5. Nf3 Bd7 6. Be2 Nge7 7. O-O Ng6 8. Be3
Be7 9. dxc5 Qc7 10. Na3 Ncxe5 11. Nxe5 Nxe5 12. Nb5 Bxb5 13. Bxb5+ Nc6 14. Re1
O-O 15. Qh5 Qe5 16. Qg4 Qf6 17. Rad1 Rfc8 18. Qa4 h6 19. f4 Rc7 20. Qc2 Rd8 21.
Qf2 Bf8 22. a3 g6 23. Rd2 Rdc8 24. Qg3 Bg7 25. Red1 Qe7 26. Bf2 Nb8 27. b4 b6
28. f5 gxf5 29. c4 bxc5 30. cxd5 exd5 31. bxc5 Rxc5 32. Bd4 Qf8 33. Bd3 Rc1 34.
Bxf5 Rxd1+ 35. Rxd1 Rd8 36. Rc1 Kh8 37. Bxa7 Nd7 38. Qh4 Bf6 39. Qh3 Ne5 40.
Be3 Bg7 41. Bc5 Qe8 42. Qh4 Ng6 43. Qf2 Qe5 44. g3 Qf6 45. a4 d4 46. a5 d3 47.
Bb6 Rd6 48. Rd1 Qc3 49. Kg2 Kg8 50. Qe3 Ne5 51. Kh3 Qc2 52. Re1 Qc6 53. Rc1 Nc4
54. Qf4 d2 55. Rxc4 Qxc4 56. Qxc4 d1=Q 57. Bg4 Qb1 58. Qc8+ Bf8 59. Be2 Rxb6
1/2-1/2

[Event "MCRE_SF10"]
[Site "?"]
[Date "2007.??.??"]
[Round "?"]
[White "Batka, Josef"]
[Black "Svrsek, Radomir"]
[Result "1-0"]
[WhiteElo "2285"]
[BlackElo "2159"]
[PlyCount "83"]
[EventDate "2007.??.??"]
[EventType "corr"]
[EventRounds "2"]
[SourceDate "2007.06.22"]

1. e4 c5 2. c3 d5 3. exd5 Qxd5 4. d4 Nf6 5. Nf3 Nc6 6. Be2 cxd4 7. cxd4 e6 8.
O-O Bd6 9. Nc3 Qa5 10. Nb5 Bb8 11. Bd2 Qd8 12. Rc1 O-O 13. Be3 b6 14. Rxc6 a6
15. Na3 Bb7 16. Rc1 Nd5 17. Nc4 Nf4 18. b3 Bc7 19. Nce5 Nd5 20. Qd2 f6 21. Nd3
Qd6 22. g3 Qd7 23. Nf4 Rf7 24. Bc4 Nxf4 25. Bxf4 b5 26. Be2 Bb6 27. h4 Qd5 28.
Kh2 Rd8 29. Rfd1 h6 30. Be3 g5 31. Rg1 e5 32. Rcd1 Qe4 33. Qc3 Rc7 34. Qb4 Rcd7
35. Nd2 Qc2 36. Bc4+ Kh8 37. Be6 exd4 38. Nc4 dxe3 39. Rxd7 Qxf2+ 40. Kh3 Re8
41. Re7 Rg8 42. hxg5 1-0

[Event "MCRE_SF10"]
[Site "?"]
[Date "2007.??.??"]
[Round "?"]
[White "Batka, Josef"]
[Black "Trs, Jan"]
[Result "1-0"]
[WhiteElo "2285"]
[BlackElo "2207"]
[PlyCount "105"]
[EventDate "2007.??.??"]
[EventType "corr"]
[EventRounds "2"]
[SourceDate "2007.06.22"]

1. e4 e5 2. Nc3 Nf6 3. Bc4 Nc6 4. d3 Bb4 5. Nf3 d6 6. O-O Bxc3 7. bxc3 O-O 8.
Be3 Na5 9. Bb3 Nxb3 10. axb3 Bg4 11. h3 Bh5 12. b4 a6 13. c4 Qe7 14. Qe2 Nd7
15. Bd2 b5 16. Ra3 bxc4 17. dxc4 c5 18. Rfa1 cxb4 19. Bxb4 Rfb8 20. Qd2 Nc5 21.
Bxc5 dxc5 22. Ne1 f6 23. Rxa6 Rxa6 24. Rxa6 Bf7 25. Ra5 Rc8 26. Qc3 Qd6 27. Nd3
h5 28. h4 Qd4 29. Qxd4 cxd4 30. c5 Bc4 31. f4 Bxd3 32. cxd3 exf4 33. Kf2 Kf7
34. Kf3 g5 35. hxg5 fxg5 36. e5 h4 37. Rb5 Ke6 38. Ke4 f3 39. gxf3 Rh8 40. Rb6+
Ke7 41. Kxd4 h3 42. Rb1 Ke6 43. c6 h2 44. Rh1 Rd8+ 45. Kc5 Rxd3 46. Rxh2 Rxf3
47. Rg2 Rc3+ 48. Kb6 Rb3+ 49. Kc7 Kf5 50. e6 Kxe6 51. Rxg5 Rc3 52. Kb7 Rb3+ 53.
Kc8 1-0

[Event "MCRE_SF10"]
[Site "?"]
[Date "2007.??.??"]
[Round "?"]
[White "Batka, Josef"]
[Black "Volek, Stanislav"]
[Result "1/2-1/2"]
[WhiteElo "2285"]
[BlackElo "2305"]
[PlyCount "76"]
[EventDate "2007.??.??"]
[EventType "corr"]
[EventRounds "2"]
[SourceDate "2007.06.22"]

1. e4 e6 2. d4 d5 3. e5 c5 4. c3 Nc6 5. Nf3 Qb6 6. a3 Nh6 7. b4 cxd4 8. cxd4
Nf5 9. Bb2 Bd7 10. g4 Nfe7 11. Nc3 Ng6 12. Rc1 h5 13. g5 Qd8 14. Qd2 Be7 15.
Rg1 a5 16. b5 Na7 17. Bd3 a4 18. Bxg6 fxg6 19. Nh4 O-O 20. Nxg6 Rf5 21. h4 Be8
22. Nf4 Qd7 23. Rg3 Nc8 24. Nce2 Nb6 25. Qd3 Nc4 26. Rxc4 dxc4 27. Qxc4 Rc8 28.
Qxa4 Qxb5 29. Qb3 Bd7 30. Nxh5 Bd8 31. d5 Ba5+ 32. Kf1 Bb6 33. f4 Qa6 34. dxe6
Ba4 35. Qf3 Bc6 36. Qb3 Ba4 37. Qf3 Bc6 38. Qb3 Ba4 1/2-1/2

[Event "MCRE_SF10"]
[Site "?"]
[Date "2007.??.??"]
[Round "?"]
[White "Dedina, Miroslav"]
[Black "Batka, Josef"]
[Result "1/2-1/2"]
[WhiteElo "2195"]
[BlackElo "2285"]
[PlyCount "47"]
[EventDate "2007.??.??"]
[EventType "corr"]
[EventRounds "2"]
[SourceDate "2007.06.22"]

1. e4 c5 2. Nf3 Nc6 3. d4 cxd4 4. Nxd4 Nf6 5. Nc3 e5 6. Ndb5 d6 7. Nd5 Nxd5 8.
exd5 Ne7 9. c4 Nf5 10. Bd3 Be7 11. O-O a6 12. Nc3 O-O 13. f4 Qb6+ 14. Kh1 f6
15. a4 Bd7 16. Bd2 Rae8 17. a5 Qa7 18. Qb1 g6 19. g4 Ne3 20. Bxe3 Qxe3 21. Bxg6
hxg6 22. Qxg6+ Kh8 23. Qh6+ Kg8 24. Qg6+ 1/2-1/2

[Event "MCRE_SF10"]
[Site "?"]
[Date "2007.??.??"]
[Round "?"]
[White "Dedina, Miroslav"]
[Black "Kratochvil, Vaclav"]
[Result "0-1"]
[WhiteElo "2195"]
[BlackElo "2227"]
[PlyCount "24"]
[EventDate "2007.??.??"]
[EventType "corr"]
[EventRounds "2"]
[SourceDate "2007.06.22"]

1. e4 c5 2. Nf3 d6 3. d4 cxd4 4. Nxd4 Nf6 5. Nc3 Nc6 6. Bg5 e6 7. Qd2 a6 8.
O-O-O Bd7 9. f4 Be7 10. Be2 O-O 11. Bf3 h6 12. Nb3 hxg5 0-1

[Event "MCRE_SF10"]
[Site "?"]
[Date "2007.??.??"]
[Round "?"]
[White "Dedina, Miroslav"]
[Black "Mezera, Lukas"]
[Result "1/2-1/2"]
[WhiteElo "2195"]
[BlackElo "2285"]
[PlyCount "44"]
[EventDate "2007.??.??"]
[EventType "corr"]
[EventRounds "2"]
[SourceDate "2007.06.22"]

1. e4 e6 2. d4 d5 3. Nd2 dxe4 4. Nxe4 Nd7 5. Nf3 Ngf6 6. Bd3 c5 7. O-O Nxe4 8.
Bxe4 Nf6 9. Bg5 cxd4 10. Qe2 Qb6 11. Bxf6 gxf6 12. Rad1 Bg7 13. Nxd4 O-O 14. c3
Bd7 15. g4 Rad8 16. a4 Bxa4 17. Rd3 Rfe8 18. Ra1 Bd7 19. Rad1 Bc8 20. Qc2 Kh8
21. Nb5 Rxd3 22. Qxd3 f5 1/2-1/2

[Event "MCRE_SF10"]
[Site "?"]
[Date "2007.??.??"]
[Round "?"]
[White "Dedina, Miroslav"]
[Black "Priesol, Daniel"]
[Result "1/2-1/2"]
[WhiteElo "2195"]
[BlackElo "2288"]
[PlyCount "58"]
[EventDate "2007.??.??"]
[EventType "corr"]
[EventRounds "2"]
[SourceDate "2007.06.22"]

1. e4 e6 2. d4 d5 3. Nd2 Be7 4. e5 c5 5. Qg4 Kf8 6. dxc5 Nc6 7. Ngf3 f6 8. Qg3
fxe5 9. Nxe5 Nxe5 10. Qxe5 Bxc5 11. Ne4 Be7 12. Ng5 Qd6 13. f4 Qxe5+ 14. fxe5
h6 15. Nf3 Bc5 16. Bd3 Ne7 17. Ke2 Bd7 18. Rf1 Ke8 19. c3 Rf8 20. a4 a5 21. Be3
b6 22. b3 Rb8 23. g4 Rc8 24. Nd4 Nc6 25. Ba6 Rb8 26. Rxf8+ Kxf8 27. Rf1+ Ke7
28. Nf3 Bxe3 29. Kxe3 Na7 1/2-1/2

[Event "MCRE_SF10"]
[Site "?"]
[Date "2007.??.??"]
[Round "?"]
[White "Dedina, Miroslav"]
[Black "Svrsek, Radomir"]
[Result "0-1"]
[WhiteElo "2195"]
[BlackElo "2159"]
[PlyCount "38"]
[EventDate "2007.??.??"]
[EventType "corr"]
[EventRounds "2"]
[SourceDate "2007.06.22"]

1. e4 e5 2. Nf3 Nc6 3. Bc4 Bc5 4. b4 Bxb4 5. c3 Ba5 6. d4 exd4 7. O-O dxc3 8.
Qb3 Qf6 9. e5 Qg6 10. Nxc3 Nge7 11. Ba3 O-O 12. Rad1 Bb6 13. Rfe1 Na5 14. Qa4
d6 15. exd6 Nec6 16. d7 Bxd7 17. Rxd7 Nxc4 18. Qxc4 Rfd8 19. Ne4 Rxd7 0-1

[Event "MCRE_SF10"]
[Site "?"]
[Date "2007.??.??"]
[Round "?"]
[White "Dedina, Miroslav"]
[Black "Trs, Jan"]
[Result "1-0"]
[WhiteElo "2195"]
[BlackElo "2207"]
[PlyCount "109"]
[EventDate "2007.??.??"]
[EventType "corr"]
[EventRounds "2"]
[SourceDate "2007.06.22"]

1. e4 c5 2. Nf3 d6 3. d4 cxd4 4. Nxd4 Nf6 5. Nc3 Nc6 6. Bg5 e6 7. Qd2 a6 8.
O-O-O h6 9. Nxc6 bxc6 10. Bf4 d5 11. Qe3 Qa5 12. Be2 dxe4 13. Nxe4 Nd5 14. Qg3
Qxa2 15. Nd6+ Bxd6 16. Bxd6 Qa1+ 17. Kd2 Qxb2 18. Be5 Qb4+ 19. c3 Qa5 20. Qxg7
Rf8 21. Ra1 Qb6 22. c4 Ne7 23. Qf6 Rg8 24. g3 Rg6 25. Qh8+ Rg8 26. Qxh6 Bb7 27.
Qf6 c5 28. Rhb1 Qc6 29. Kc3 Rg6 30. Qf4 Nf5 31. Bh5 Rh6 32. Qg5 Kf8 33. Rd1 Rh7
34. Rab1 Re8 35. Rd8 Rxh5 36. Qxh5 Qf3+ 37. Qxf3 Bxf3 38. Rxe8+ Kxe8 39. Rb6 a5
40. Ra6 Nh6 41. h3 Bg2 42. g4 Bxh3 43. f3 Bxg4 44. fxg4 Nxg4 45. Bd6 f5 46. Ra7
e5 47. Bxc5 f4 48. Kd3 f3 49. Ke4 a4 50. Kxf3 Nf6 51. Bd6 Nd7 52. Rxd7 Kxd7 53.
Ba3 Ke6 54. Ke4 Kd7 55. Kxe5 1-0

[Event "MCRE_SF10"]
[Site "?"]
[Date "2007.??.??"]
[Round "?"]
[White "Dedina, Miroslav"]
[Black "Volek, Stanislav"]
[Result "0-1"]
[WhiteElo "2195"]
[BlackElo "2305"]
[PlyCount "124"]
[EventDate "2007.??.??"]
[EventType "corr"]
[EventRounds "2"]
[SourceDate "2007.06.22"]

1. e4 e6 2. d4 d5 3. Nd2 c5 4. exd5 Qxd5 5. Ngf3 cxd4 6. Bc4 Qd6 7. Qe2 Nf6 8.
Nb3 Nc6 9. Bg5 a6 10. O-O-O b5 11. Bd3 Be7 12. Kb1 Bd7 13. Bh4 Rd8 14. g4 Nxg4
15. Bg3 Qd5 16. Be4 Qc4 17. Bd3 Qa4 18. Nfxd4 Nf6 19. c3 O-O 20. h4 Rc8 21. h5
Rfd8 22. Rhg1 Kf8 23. Bf4 Nxd4 24. Nxd4 b4 25. c4 Qa5 26. Be5 Ba4 27. b3 Bc6
28. Nxc6 Rxc6 29. f4 Rc5 30. Qg2 Nxh5 31. Bxg7+ Nxg7 32. Qxg7+ Ke8 33. Be4 Bf8
34. Qxh7 Rxd1+ 35. Rxd1 Qc7 36. Qh4 Qe7 37. Qh8 a5 38. Rd2 Qc7 39. f5 Qg3 40.
Rd1 exf5 41. Bd5 Qg7 42. Qh2 f4 43. Qxf4 Qg6+ 44. Be4 Qe6 45. Qb8+ Qc8 46. Qb6
Be7 47. Qh6 Qe6 48. Qh8+ Bf8 49. Re1 Qh6 50. Qd4 Qd6 51. Bc2+ Kd8 52. Qe4 Qd7
53. Qa8+ Qc8 54. Qg2 Kc7 55. Qg8 Bd6 56. Qxf7+ Qd7 57. Qf6 Qd8 58. Qg7+ Qd7 59.
Qd4 Qf7 60. Bd3 Qd7 61. Rg1 Be7 62. Rg7 Qxd4 0-1

[Event "MCRE_SF10"]
[Site "?"]
[Date "2007.??.??"]
[Round "?"]
[White "Kratochvil, Vaclav"]
[Black "Batka, Josef"]
[Result "1/2-1/2"]
[WhiteElo "2227"]
[BlackElo "2285"]
[PlyCount "73"]
[EventDate "2007.??.??"]
[EventType "corr"]
[EventRounds "2"]
[SourceDate "2007.06.22"]

1. e4 c5 2. Nf3 Nc6 3. Bb5 e6 4. O-O Nge7 5. Re1 a6 6. Bxc6 Nxc6 7. d4 cxd4 8.
Nxd4 Be7 9. Nxc6 dxc6 10. Qg4 O-O 11. e5 f5 12. Qg3 b5 13. Nc3 Bb7 14. Ne2 c5
15. Be3 Qe8 16. Bg5 Rd8 17. Nf4 Bxg5 18. Qxg5 Rf7 19. Nxe6 Rd5 20. Nf4 Rxe5 21.
Kf1 Be4 22. Rac1 Rfe7 23. f3 Bd5 24. Rxe5 Rxe5 25. b3 h6 26. Qg6 Qxg6 27. Nxg6
Re8 28. Re1 Rxe1+ 29. Kxe1 Kf7 30. Nf4 Be6 31. Nd3 c4 32. Nc5 a5 33. Nb7 cxb3
34. cxb3 a4 35. bxa4 bxa4 36. a3 Bd7 37. Kd2 1/2-1/2

[Event "MCRE_SF10"]
[Site "?"]
[Date "2007.??.??"]
[Round "?"]
[White "Kratochvil, Vaclav"]
[Black "Dedina, Miroslav"]
[Result "1-0"]
[WhiteElo "2227"]
[BlackElo "2195"]
[PlyCount "113"]
[EventDate "2007.??.??"]
[EventType "corr"]
[EventRounds "2"]
[SourceDate "2007.06.22"]

1. e4 c5 2. Nf3 d6 3. d4 cxd4 4. Nxd4 Nf6 5. Nc3 Nc6 6. Bg5 e6 7. Qd2 a6 8.
O-O-O Bd7 9. f4 b5 10. Bxf6 gxf6 11. Kb1 Qb6 12. Nxc6 Bxc6 13. Bd3 b4 14. Ne2
a5 15. Ng3 Qc5 16. Ne2 a4 17. c3 bxc3 18. Qxc3 Qxc3 19. Nxc3 Kd7 20. Bb5 Rb8
21. Bxc6+ Kxc6 22. a3 h5 23. Nxa4 Bh6 24. g3 h4 25. Rd3 Kd7 26. Rc1 hxg3 27.
hxg3 e5 28. Rcd1 exf4 29. Rxd6+ Ke7 30. Rd7+ Ke8 31. gxf4 Bxf4 32. Nc5 Rh5 33.
R7d5 Rh3 34. R5d3 Rh2 35. b4 Ra8 36. a4 Be5 37. Rb3 Rd8 38. Rxd8+ Kxd8 39. b5
Kc7 40. a5 Rh1+ 41. Kc2 Rh2+ 42. Kd1 Rh1+ 43. Ke2 Rh2+ 44. Kf3 Rc2 45. Na6+ Kc8
46. Nb4 Rh2 47. Rb1 Rh3+ 48. Ke2 Kb7 49. Nc6 Ra3 50. Rd1 Kc7 51. a6 Bh2 52. Rd8
Bg1 53. Rf8 Kd6 54. Rxf7 Ke6 55. Rb7 Kd6 56. a7 Bc5 57. Ne7 1-0

[Event "MCRE_SF10"]
[Site "?"]
[Date "2007.??.??"]
[Round "?"]
[White "Kratochvil, Vaclav"]
[Black "Mezera, Lukas"]
[Result "1/2-1/2"]
[WhiteElo "2227"]
[BlackElo "2285"]
[PlyCount "57"]
[EventDate "2007.??.??"]
[EventType "corr"]
[EventRounds "2"]
[SourceDate "2007.06.22"]

1. e4 e6 2. d4 d5 3. exd5 exd5 4. Bd3 Bd6 5. Nf3 Qe7+ 6. Qe2 Qxe2+ 7. Kxe2 Ne7
8. Re1 O-O 9. Kf1 Nbc6 10. c3 Bf5 11. Bxf5 Nxf5 12. g4 Nfe7 13. b3 f5 14. g5
Rae8 15. Na3 a6 16. Nc2 Ng6 17. Rxe8 Rxe8 18. Ne3 Nce7 19. Ng2 Kf7 20. h4 Nf8
21. Bf4 Ne6 22. Be5 h6 23. Re1 b5 24. Ke2 hxg5 25. Bxd6 cxd6 26. Nxg5+ Nxg5 27.
hxg5 Ng6+ 28. Kd2 Rh8 29. Ne3 1/2-1/2

[Event "MCRE_SF10"]
[Site "?"]
[Date "2007.??.??"]
[Round "?"]
[White "Kratochvil, Vaclav"]
[Black "Priesol, Daniel"]
[Result "1-0"]
[WhiteElo "2227"]
[BlackElo "2288"]
[PlyCount "127"]
[EventDate "2007.??.??"]
[EventType "corr"]
[EventRounds "2"]
[SourceDate "2007.06.22"]

1. e4 e6 2. d4 d5 3. exd5 exd5 4. Bd3 Nc6 5. c3 Bd6 6. h3 Nge7 7. Nf3 O-O 8.
Qc2 g6 9. O-O Bf5 10. Re1 Qd7 11. Nbd2 Bxd3 12. Qxd3 Qf5 13. Qe2 Rfe8 14. Nf1
Qf6 15. Bh6 Bf4 16. Bxf4 Qxf4 17. Ne3 Qd6 18. Qd2 Nd8 19. Re2 h5 20. Ne5 Ne6
21. Nd3 Nc6 22. Rf1 Ng5 23. Rfe1 Re7 24. Qc2 Rae8 25. Qa4 a6 26. Qb3 Nd8 27. f4
Nh7 28. Qc2 Nf6 29. Ne5 Kf8 30. g4 Ne6 31. g5 Nd7 32. Rf1 Nd8 33. a4 c6 34. a5
Kg8 35. b4 Kh7 36. Ref2 Rg8 37. Qd1 Rge8 38. Qd3 Rg8 39. c4 Ne6 40. cxd5 cxd5
41. Kg2 Nc7 42. Rc1 Nxe5 43. fxe5 Qd8 44. Rf6 Ne6 45. h4 Qd7 46. Rcf1 Rc8 47.
Kg1 Rc6 48. Qb3 Nc7 49. Kh2 Rxf6 50. gxf6 Re8 51. Nf5 Rg8 52. Qh3 Ne6 53. Nd6
Qc7 54. Qe3 Rd8 55. Rc1 Qd7 56. Qd2 Rb8 57. Rf1 Rg8 58. Rg1 Qc7 59. b5 axb5 60.
Nxb5 Qc4 61. Nd6 Qxd4 62. Qxd4 Nxd4 63. Nxf7 Nf3+ 64. Kh1 1-0

[Event "MCRE_SF10"]
[Site "?"]
[Date "2007.??.??"]
[Round "?"]
[White "Kratochvil, Vaclav"]
[Black "Svrsek, Radomir"]
[Result "1/2-1/2"]
[WhiteElo "2227"]
[BlackElo "2159"]
[PlyCount "118"]
[EventDate "2007.??.??"]
[EventType "corr"]
[EventRounds "2"]
[SourceDate "2007.06.22"]

1. e4 c5 2. Nf3 d6 3. d4 cxd4 4. Nxd4 Nf6 5. Nc3 Nc6 6. Bg5 e6 7. Qd2 Be7 8.
O-O-O O-O 9. f4 Nxd4 10. Qxd4 Qa5 11. Bc4 h6 12. h4 Rd8 13. Qe3 b5 14. Nxb5 Ba6
15. Bxf6 Bxf6 16. Qa3 Qb6 17. Rxd6 Rxd6 18. Nxd6 Bxb2+ 19. Qxb2 Qxd6 20. e5 Qc6
21. Bxa6 Qxa6 22. Qb3 Rd8 23. g3 Qe2 24. Kb1 Qe4 25. Rc1 a5 26. Qc3 a4 27. a3
Qb7+ 28. Ka2 Rc8 29. Qd3 Rb8 30. Qd4 h5 31. Rd1 Qc6 32. Qd3 Qb7 33. Qc3 Rc8 34.
Qd2 Qf3 35. Qd3 Qxd3 36. cxd3 Rc2+ 37. Kb1 Rg2 38. f5 Rxg3 39. d4 Rxa3 40. d5
exd5 41. Rxd5 Re3 42. Kc2 a3 43. Ra5 Kh7 44. Kd2 Re4 45. Kd3 Rxh4 46. e6 fxe6
47. fxe6 Rh1 48. e7 Re1 49. Rxh5+ Kg6 50. Ra5 Rxe7 51. Rxa3 Kh5 52. Ra1 g5 53.
Rh1+ Kg4 54. Rg1+ Kf5 55. Rf1+ Kg6 56. Rg1 Re5 57. Kd4 Re2 58. Kd3 Re8 59. Kd4
Kf5 1/2-1/2

[Event "MCRE_SF10"]
[Site "?"]
[Date "2007.??.??"]
[Round "?"]
[White "Kratochvil, Vaclav"]
[Black "Trs, Jan"]
[Result "1-0"]
[WhiteElo "2227"]
[BlackElo "2207"]
[PlyCount "105"]
[EventDate "2007.??.??"]
[EventType "corr"]
[EventRounds "2"]
[SourceDate "2007.06.22"]

1. e4 c6 2. d4 d5 3. exd5 cxd5 4. c3 Nc6 5. Nf3 e6 6. Bd3 Bd6 7. O-O Qc7 8. Re1
Bd7 9. Qe2 Nge7 10. Ne5 Ng6 11. Nxd7 Qxd7 12. Qh5 O-O-O 13. a4 Na5 14. Bg5 f6
15. Be3 Nb3 16. Ra2 Kb8 17. a5 Bc7 18. a6 b6 19. Qd1 Na5 20. Nd2 Bf4 21. Qf3
Qc7 22. Bxf4 Nxf4 23. Bb5 e5 24. Qe3 Ng6 25. Raa1 Rc8 26. dxe5 fxe5 27. Nf3 Qc5
28. b4 Qxe3 29. Rxe3 Nc4 30. Bxc4 Rxc4 31. Nxe5 Nxe5 32. Rxe5 d4 33. cxd4 Rxb4
34. Re7 Rxd4 35. Rxg7 h5 36. g3 h4 37. f4 Rf8 38. f5 hxg3 39. hxg3 Rd6 40. Re1
b5 41. Re6 Rfd8 42. Rb7+ Ka8 43. Rbe7 Kb8 44. g4 b4 45. Rxd6 Rxd6 46. g5 b3 47.
g6 b2 48. Re1 Rd4 49. Kh2 Rg4 50. Kh3 Rg5 51. Kh4 Rg2 52. Kh5 Rh2+ 53. Kg5 1-0

[Event "MCRE_SF10"]
[Site "?"]
[Date "2007.??.??"]
[Round "?"]
[White "Kratochvil, Vaclav"]
[Black "Volek, Stanislav"]
[Result "1/2-1/2"]
[WhiteElo "2227"]
[BlackElo "2305"]
[PlyCount "85"]
[EventDate "2007.??.??"]
[EventType "corr"]
[EventRounds "2"]
[SourceDate "2007.06.22"]

1. e4 e6 2. d4 d5 3. exd5 exd5 4. Bd3 c5 5. dxc5 Bxc5 6. Nf3 Ne7 7. O-O O-O 8.
Bg5 Nbc6 9. Nbd2 Qc7 10. c3 Re8 11. Nb3 Bd6 12. Re1 Bg4 13. h3 Bh5 14. Bxe7
Rxe7 15. Rxe7 Nxe7 16. Nbd4 a6 17. Qc2 Bxf3 18. Nxf3 g6 19. Re1 Nc6 20. Qe2 Qb6
21. Qd2 Rd8 22. Re2 d4 23. c4 Qa5 24. a3 Qxd2 25. Rxd2 f5 26. b4 Kg7 27. c5 Bf4
28. Rd1 Ne5 29. Nxe5 Bxe5 30. g3 Bc7 31. Re1 Kf6 32. f4 Rd7 33. Kf2 Re7 34.
Rxe7 Kxe7 35. Ke2 a5 36. Bc4 b6 37. Kd3 axb4 38. axb4 bxc5 39. bxc5 h5 40. Kxd4
h4 41. gxh4 Bxf4 42. Kd5 Bg3 43. h5 1/2-1/2

[Event "MCRE_SF10"]
[Site "?"]
[Date "2007.??.??"]
[Round "?"]
[White "Mezera, Lukas"]
[Black "Batka, Josef"]
[Result "1/2-1/2"]
[WhiteElo "2285"]
[BlackElo "2285"]
[PlyCount "62"]
[EventDate "2007.??.??"]
[EventType "corr"]
[EventRounds "2"]
[SourceDate "2007.06.22"]

1. e4 c5 2. Nf3 Nc6 3. d4 cxd4 4. Nxd4 Nf6 5. Nc3 e5 6. Ndb5 d6 7. Bg5 a6 8.
Na3 b5 9. Bxf6 gxf6 10. Nd5 f5 11. c3 Bg7 12. exf5 Bxf5 13. Nc2 Be6 14. g3 O-O
15. Bg2 a5 16. O-O f5 17. a3 Kh8 18. Qh5 Rb8 19. Rad1 Ne7 20. Nce3 Bf7 21. Qh3
Nxd5 22. Bxd5 Bg6 23. Ng2 Qf6 24. f4 e4 25. Rd2 b4 26. axb4 axb4 27. c4 Bf7 28.
Ne3 Bxd5 29. Nxd5 Qf7 30. b3 Ra8 31. Kh1 Ra3 1/2-1/2

[Event "MCRE_SF10"]
[Site "?"]
[Date "2007.??.??"]
[Round "?"]
[White "Mezera, Lukas"]
[Black "Dedina, Miroslav"]
[Result "1/2-1/2"]
[WhiteElo "2285"]
[BlackElo "2195"]
[PlyCount "43"]
[EventDate "2007.??.??"]
[EventType "corr"]
[EventRounds "2"]
[SourceDate "2007.06.22"]

1. d4 Nf6 2. c4 e6 3. Nf3 b6 4. g3 Bb7 5. Bg2 Be7 6. O-O O-O 7. Re1 Na6 8. Ne5
Bxg2 9. Kxg2 c5 10. d5 Qb8 11. Nf3 exd5 12. cxd5 Qb7 13. e4 c4 14. d6 Bd8 15.
Nc3 Nb4 16. e5 Nfd5 17. Nxd5 Nxd5 18. Qd4 b5 19. a4 Nb4 20. Qe4 Rb8 21. axb5
Nd3 22. Re2 1/2-1/2

[Event "MCRE_SF10"]
[Site "?"]
[Date "2007.??.??"]
[Round "?"]
[White "Mezera, Lukas"]
[Black "Kratochvil, Vaclav"]
[Result "1/2-1/2"]
[WhiteElo "2285"]
[BlackElo "2227"]
[PlyCount "88"]
[EventDate "2007.??.??"]
[EventType "corr"]
[EventRounds "2"]
[SourceDate "2007.06.22"]

1. e4 c5 2. Nf3 d6 3. d4 cxd4 4. Nxd4 Nf6 5. Nc3 Nc6 6. f3 e5 7. Nb3 Be7 8. Be3
Be6 9. Nd5 Bxd5 10. exd5 Nb4 11. c4 a5 12. Qd2 b6 13. Be2 O-O 14. O-O Nd7 15.
Nc1 Na6 16. Bd1 f5 17. Ne2 f4 18. Bf2 Bh4 19. Nc3 Bxf2+ 20. Qxf2 Rf6 21. a3
Nac5 22. Bc2 a4 23. Qh4 Nf8 24. Rae1 Qd7 25. Nb5 Qf7 26. Qh3 Nb3 27. Rf2 Na5
28. g4 Nxc4 29. g5 Rg6 30. Bxg6 Qxg6 31. Nc7 Rb8 32. Kh1 Qf7 33. Ne6 Nxe6 34.
dxe6 Qe7 35. g6 h6 36. Rc2 b5 37. Rc3 Qf6 38. b3 axb3 39. Rxb3 Ne3 40. a4 b4
41. Rg1 d5 42. a5 Qe7 43. Rgb1 Kh8 44. a6 d4 1/2-1/2

[Event "MCRE_SF10"]
[Site "?"]
[Date "2007.??.??"]
[Round "?"]
[White "Mezera, Lukas"]
[Black "Priesol, Daniel"]
[Result "1/2-1/2"]
[WhiteElo "2285"]
[BlackElo "2288"]
[PlyCount "68"]
[EventDate "2007.??.??"]
[EventType "corr"]
[EventRounds "2"]
[SourceDate "2007.06.22"]

1. Nf3 Nf6 2. c4 g6 3. Nc3 c5 4. e4 Bg7 5. d4 cxd4 6. Nxd4 Nc6 7. Be3 O-O 8.
Be2 d6 9. O-O Bd7 10. Qd2 Nxd4 11. Bxd4 Bc6 12. f3 Qa5 13. a3 Rfc8 14. b4 Qd8
15. Rac1 b6 16. Rfd1 Qf8 17. Nd5 Ne8 18. Qg5 Bxd4+ 19. Rxd4 f6 20. Qg4 Ng7 21.
Rd2 Rd8 22. Qh4 g5 23. Qh6 Ne6 24. Qh3 Bd7 25. Qg3 Qg7 26. Bd1 Rac8 27. Bb3 Kh8
28. Qf2 Nf8 29. Rdc2 Be6 30. c5 dxc5 31. bxc5 Rxc5 32. Rxc5 bxc5 33. Rxc5 Bxd5
34. Bxd5 e6 1/2-1/2